Nimeä sopiva euromaa - Statistics

Yleistilastot
  • Tätä visaa on pelattu 34 kertaa
  • Keskiarvotulos 5 / 9
Vastaustilastot
% Oikein
Kuuluu alkuperäisiin euromaihin. (Otti euron käyttöön käteisvaluuttana 2002.) Alankomaat, Andorra, Belgia, Espanja, Irlanti, Italia, Itävalta, Kosovo, Kreikka, Luxemburg, Monaco, Montenegro, Suomi, Portugali, Ranska, Saksa, San Marino, Vatikaani
97%
Käteismaksut pyöristetään lähimpään viiteen senttiin. Alankomaat, Belgia, Irlanti, Italia, Slovakia, Suomi, Viro
73%
Liittyi euroalueeseen 2000-vuosikymmenellä, mutta vuoden 2002 jälkeen. Kypros, Malta, Slovakia, Slovenia
63%
Maassa valmistetaan euroseteleitä 2020-luvulla. Alankomaat, Belgia, Espanja, Irlanti, Italia, Itävalta, Kreikka, Portugali, Ranska, Saksa
57%
Liittyi euroalueeseen 2010-luvulla. Latvia, Liettua, Viro
57%
Liittyi euroalueeseen 2020-luvulla. Kroatia
50%
Viimeiset maat, joissa laskettiin liikkeelle 500 euron seteleitä. Itävalta, Saksa
43%
Erisuuruisten kolikoiden kansallisella puolella on sama kuva. Belgia, Irlanti, Liettua, Viro
40%
Ei kuulu euroalueeseen, mutta käyttää euroa epävirallisesti. Kosovo, Montenegro
27%
Ehtoja vastaavia visoja ei löytynyt
Tulosjakauma
Jokaisen tuloksen saaneiden osuus
Persentiili vastausten määrän mukaan
Tuloshistoriasi
Et ole pelannut tätä visaa